000 00585nam a2200205Ii 4500
003 JO-AjNU
008 230606s9999||||xx |||||||||||||| ||und||
020 _a978-81-269-1627-6
040 _aJO-AjNU
_beng
_erda
_cJO-AjNU
041 _aeng
050 1 4 _aQA267.2011
100 3 _a Krishnan, Vijaya ,
_eauthor
_93859
245 0 0 _a Statistics for Beginners 
264 3 1 _aNew delhi:Atlantic,2011
300 _a646p
336 _atext
_btxt
_2rdacontent
337 _aunmediated
_bn
_2rdamedia
338 _avolume
_bnc
_2rdacarrier
650 4 _a Statistics for Beginners 
_93860
999 _aE2013
_c2012
_d2012